000
002710000a22000970004500
100
1
_a
Smith, Christopher R.
245
1
0
_a
The literary structure of Leviticus
300
_a
Núm 70 (1996), Páginas 17-32
773
0
_t
Journal for the Study of the Old Testament
942
_c
ANA
999
_c
54618
_d
54618